Statistiken für Deutsche Fußballer beim FC Liverpool

Klicken Sie hier um das Quiz zu spielen!

Allgemein

  • Dieses Quiz wurde 110 mal gespielt
  • Das Durchschnittsergebnis liegt bei 3 aus 9

Antwortstatistiken

ZeitraumSpiele (Tore)Spieler% Korrekt
2014-2018167 (14)Emre Can
85%
2016-202049 (0)Loris Karius
71%
1999-2006283 (11)Dietmar Hamann
63%
2000-200132 (2)Christian Ziege
26%
2000-200473 (6)Markus Babbel
24%
2012-20152 (0)Samed Yesil
16%
1997-199976 (15)Karl-Heinz Riedle
10%
2022-2 (0)Melkamu Frauendorf
5%
1998-19995 (0)Sean Dundee
5%

Verteilung der Resultate

Perzentil nach korrekt beantworteten Fragen

Anzahl Personen mit jedem Resultat

Ihre Resultats-Entwicklung

Sie haben dieses Quiz noch nicht gespielt